| 000 | 00518nam a22001937a 4500 | ||
|---|---|---|---|
| 003 | OSt | ||
| 005 | 20180116183029.0 | ||
| 008 | 151217b xxu||||| |||| 00| 0 eng d | ||
| 020 | _a02-599-2003-1 | ||
| 024 | _202-599-2003-1 | ||
| 040 | _cLahore LUMS | ||
| 082 | _a174.4 LUM 2003 | ||
| 100 | _aKhan BA | ||
| 245 |
_aASKARI COMMERCIAL BANK _cKhan BA |
||
| 260 |
_aLahore LUMS _b Lahore University of Management Sciences _c2003 |
||
| 300 |
_a22 p. _bPapers |
||
| 440 | _aASKARI COMMERCIAL BANK | ||
| 942 |
_2ddc _cCS |
||
| 999 |
_c350929 _d350929 |
||